000 00519nam a2200193Ia 4500
005 20250508165629.0
008 008 250505s9999 xx 000 0 eng d
037 _aTextual
040 _aFEDL
_beng
_cFEDL
041 _aeng
_2eng
084 _a632.7, NAT
_qFEDL
245 0 _aInsect pests of crops
245 0 _cNational book trust (India)
260 _aDelhi, India
_bNational Book Trust
_c1994
300 _a200p.
365 _aINR
_b45
942 _cTEXL
_h632.7, NAT
999 _c1396327
_d1396327